| 000 | 01255cam a22002895i 4500 | ||
|---|---|---|---|
| 999 |
_c62066 _d62066 |
||
| 001 | 21680197 | ||
| 005 | 20240702122510.0 | ||
| 006 | m |o d | | ||
| 007 | cr ||||||||||| | ||
| 008 | 180109s2018 gw |||| o |||| 0|eng | ||
| 020 | _a9783319687551 X | ||
| 041 | _aeng | ||
| 080 | _a174+338+61R-45 | ||
| 100 | 1 |
_aResnik, David B. _eauthor. _922650 |
|
| 245 | 1 | 4 |
_aThe Ethics of Research with Human Subjects : _bProtecting People, Advancing Science, Promoting Trust / _cby David B. Resnik. |
| 264 | 1 |
_aCham : _bSpringer International Publishing : _bImprint: Springer, _c2018. |
|
| 300 | _a1 online resource (XIII, 316 pages 12 illustrations) | ||
| 490 | 1 |
_aInternational Library of Ethics, Law, and the New Medicine, _x1567-8008 ; _v74 |
|
| 588 | _aDescription based on publisher-supplied MARC data. | ||
| 653 | _aეთიკა | ||
| 653 | _aბიზნესი და ეკონომიკა ბიზნეს ეთიკა | ||
| 653 | _aსამედიცინო ეთიკა | ||
| 653 | _aკვლევის ეთიკა | ||
| 830 | 0 |
_aInternational Library of Ethics, Law, and the New Medicine, _x1567-8008 ; _v74 _922656 |
|
| 906 |
_a0 _bibc _corigres _du _encip _f20 _gy-gencatlg |
||
| 942 |
_2udc _cᲬᲘᲒᲜᲘ |
||